000 00294 a2200133 4500
000 nam a22 7a 4500
100 _aBhardwaj ,N
110 _aBhardwaj ,N
245 _apublic administration
250 _alatest edition
260 _bYking
_c2024
264 _bYking
_c2024
942 _cBK
999 _c394406
_d394406